Running linux (Record no. 34514)

MARC details
000 -LEADER
fixed length control field 00443nam a2200181Ia 4500
020 ## - INTERNATIONAL STANDARD BOOK NUMBER
ISBN 1565921003
050 ## - CALL MARK
Classification number QA 76.76.O63 .W45/
100 ## - STATEMENT OF RESPONSIBILITY--MAIN AUTHOR NAME
Personal name Welsh, Matt
245 #0 - TITLE STATEMENT
Title Running linux
260 ## - PUBLICATION, DISTRIBUTION, ETC. (IMPRINT)
Place of publication Sebastopol Ca.
260 ## - PUBLICATION, DISTRIBUTION, ETC. (IMPRINT)
Name of publisher O'Reilly and Associates
260 ## - PUBLICATION, DISTRIBUTION, ETC. (IMPRINT)
Year of publication c1995
300 ## - PHYSICAL DESCRIPTION
Number of Pages 575 p
650 ## - SUBJECT ADDED ENTRY--TOPICAL TERM
Topical Term LINUX Operating systems (Computers)
942 ## - ADDED ENTRY ELEMENTS (KOHA)
Koha item type Books
Holdings
Withdrawn status Lost status Source of classification or shelving scheme Damaged status Not for loan Permanent Location Current Location Date acquired Accession Number Price effective from Koha item type
    Library of Congress Classification     NILE UNIVERSITY OF NIGERIA - MAIN LIBRARY NILE UNIVERSITY OF NIGERIA - MAIN LIBRARY 04/23/2025 0010449 04/23/2025 Books